000 00421nam a22001817a 4500
003 OSt
008 230509b |||||||| |||| 00| 0 eng d
020 _a9789384761547
082 _a001 BIG
100 _aKARNA,BINAY
245 _aLucent's General Knowledge
250 _a12th Ed
260 _aNew Delhi
_bLucent
_c2022
300 _a458
650 _aDecentralization
700 _aKUMAR,Sanjiv
942 _2ddc
_cREF
999 _c12001
_d12001